<?xml version="1.0" encoding="UTF-8"?>
<record
    xmlns:xsi="http://www.w3.org/2001/XMLSchema-instance"
    xsi:schemaLocation="http://www.loc.gov/MARC21/slim http://www.loc.gov/standards/marcxml/schema/MARC21slim.xsd"
    xmlns="http://www.loc.gov/MARC21/slim">

  <leader>00590nam a22001937a 4500</leader>
  <datafield tag="999" ind1=" " ind2=" ">
    <subfield code="c">15</subfield>
    <subfield code="d">15</subfield>
  </datafield>
  <controlfield tag="005">20251027105603.0</controlfield>
  <controlfield tag="008">230621b           ||||| |||| 00| 0 eng d</controlfield>
  <datafield tag="020" ind1=" " ind2=" ">
    <subfield code="a">978-0-367-35139-7</subfield>
  </datafield>
  <datafield tag="040" ind1=" " ind2=" ">
    <subfield code="c">NMSCST</subfield>
  </datafield>
  <datafield tag="082" ind1=" " ind2=" ">
    <subfield code="a">Grad 706</subfield>
    <subfield code="b">T665 2020</subfield>
  </datafield>
  <datafield tag="100" ind1=" " ind2=" ">
    <subfield code="a">Tonks, Ann. </subfield>
  </datafield>
  <datafield tag="245" ind1=" " ind2=" ">
    <subfield code="a">The A to Z of arts management : </subfield>
    <subfield code="b">reflections on theory and reality / </subfield>
    <subfield code="c">Ann Tonks. </subfield>
  </datafield>
  <datafield tag="250" ind1=" " ind2=" ">
    <subfield code="a">Second edition. </subfield>
  </datafield>
  <datafield tag="260" ind1=" " ind2=" ">
    <subfield code="a">New York, NY :</subfield>
    <subfield code="b">Routledge, </subfield>
    <subfield code="c">2020.</subfield>
  </datafield>
  <datafield tag="300" ind1=" " ind2=" ">
    <subfield code="a">x, 457 pages</subfield>
  </datafield>
  <datafield tag="500" ind1=" " ind2=" ">
    <subfield code="a">Includes bibliographical references and index. </subfield>
  </datafield>
  <datafield tag="650" ind1=" " ind2=" ">
    <subfield code="a"> Arts--Management.</subfield>
  </datafield>
  <datafield tag="942" ind1=" " ind2=" ">
    <subfield code="2">ddc</subfield>
    <subfield code="c">CIR</subfield>
  </datafield>
  <datafield tag="952" ind1=" " ind2=" ">
    <subfield code="0">0</subfield>
    <subfield code="1">0</subfield>
    <subfield code="2">ddc</subfield>
    <subfield code="4">0</subfield>
    <subfield code="7">0</subfield>
    <subfield code="8">NFIC</subfield>
    <subfield code="a">GL</subfield>
    <subfield code="b">GL</subfield>
    <subfield code="c">CIR</subfield>
    <subfield code="d">2023-06-21</subfield>
    <subfield code="e">Purchased</subfield>
    <subfield code="h">9625</subfield>
    <subfield code="l">0</subfield>
    <subfield code="o">Grad 706 T665 2020 c.2</subfield>
    <subfield code="p">9625</subfield>
    <subfield code="r">2023-06-21</subfield>
    <subfield code="t">c.2</subfield>
    <subfield code="w">2023-06-21</subfield>
    <subfield code="y">CIR</subfield>
  </datafield>
  <datafield tag="952" ind1=" " ind2=" ">
    <subfield code="0">0</subfield>
    <subfield code="1">0</subfield>
    <subfield code="2">ddc</subfield>
    <subfield code="4">0</subfield>
    <subfield code="7">0</subfield>
    <subfield code="8">NFIC</subfield>
    <subfield code="a">GL</subfield>
    <subfield code="b">GL</subfield>
    <subfield code="c">CIR</subfield>
    <subfield code="d">2023-06-22</subfield>
    <subfield code="e">Purchased</subfield>
    <subfield code="f">Graduate S</subfield>
    <subfield code="h">9432</subfield>
    <subfield code="l">0</subfield>
    <subfield code="o">Grad 706 T665 2020 c.1</subfield>
    <subfield code="p">9432</subfield>
    <subfield code="r">2023-06-22</subfield>
    <subfield code="t">c.1</subfield>
    <subfield code="w">2023-06-21</subfield>
    <subfield code="y">CIR</subfield>
  </datafield>
  <datafield tag="952" ind1=" " ind2=" ">
    <subfield code="0">0</subfield>
    <subfield code="1">0</subfield>
    <subfield code="2">ddc</subfield>
    <subfield code="4">0</subfield>
    <subfield code="7">0</subfield>
    <subfield code="8">NFIC</subfield>
    <subfield code="a">GL</subfield>
    <subfield code="b">GL</subfield>
    <subfield code="c">CIR</subfield>
    <subfield code="d">2023-06-22</subfield>
    <subfield code="e">Purchased</subfield>
    <subfield code="f">Graduate S</subfield>
    <subfield code="h">9626</subfield>
    <subfield code="l">0</subfield>
    <subfield code="o">Grad 706 T665 2020 c.3</subfield>
    <subfield code="p">9626</subfield>
    <subfield code="r">2023-06-22</subfield>
    <subfield code="t">c.3</subfield>
    <subfield code="w">2023-06-22</subfield>
    <subfield code="y">CIR</subfield>
  </datafield>
</record>
